Nuevos medios de financiar las necesidades internacionales / (Record no. 22381)
[ view plain ]
| 000 -CABECERA | |
|---|---|
| campo de control de longitud fija | 00943nam a2200241 a 4500 |
| 001 - NÚMERO DE CONTROL | |
| campo de control | 000022884 |
| 005 - FECHA Y HORA DE LA ÚLTIMA TRANSACCIÓN | |
| campo de control | 20250701132841.0 |
| 008 - DATOS DE LONGITUD FIJA--INFORMACIÓN GENERAL | |
| campo de control de longitud fija | 101122s1980 mx r 000 | spa d |
| 040 ## - FUENTE DE LA CATALOGACIÓN | |
| Centro catalogador/agencia de origen | DO-SdBNP |
| Lengua de catalogación | spa |
| Centro/agencia transcriptor | BNPHU |
| 082 ## - NÚMERO DE LA CLASIFICACIÓN DECIMAL DEWEY | |
| Número de clasificación | 338.91 |
| Número de documento/Ítem | S819n |
| 049 ## - FONDOS LOCALES (OCLC) | |
| Fondos de biblioteca | BNGR |
| 100 1# - ENTRADA PRINCIPAL--NOMBRE DE PERSONA | |
| Nombre de persona | Steinberg, Eleanor B. |
| 9 (RLIN) | 47033 |
| 245 10 - MENCIÓN DE TÍTULO | |
| Título | Nuevos medios de financiar las necesidades internacionales / |
| Mención de responsabilidad, etc. | Eleanor B. Steinberg , Gerard M. Brannon ; traducción de Carlos Villegas García. |
| 250 ## - MENCIÓN DE EDICIÓN | |
| Mención de edición | México D. F. : |
| Resto de la mención de edición | Noema ; |
| -- | 1980 |
| 300 ## - DESCRIPCIÓN FÍSICA | |
| Extensión | 211 p. : |
| Otras características físicas | il. ; |
| Dimensiones | 21 cm. |
| 534 ## - NOTA SOBRE LA VERSIÓN ORIGINAL | |
| Encabezamiento principal del original | Título original : |
| Mención de título del original | New means of financing international needs |
| 650 #4 - PUNTO DE ACCESO ADICIONAL DE MATERIA--TÉRMINO DE MATERIA | |
| Término de materia o nombre geográfico como elemento de entrada | Crecimiento económico |
| 9 (RLIN) | 8530 |
| 650 #0 - PUNTO DE ACCESO ADICIONAL DE MATERIA--TÉRMINO DE MATERIA | |
| Término de materia o nombre geográfico como elemento de entrada | Desarrollo económico |
| 9 (RLIN) | 85548 |
| 650 #0 - PUNTO DE ACCESO ADICIONAL DE MATERIA--TÉRMINO DE MATERIA | |
| Término de materia o nombre geográfico como elemento de entrada | Relaciones económicas internacionales |
| 9 (RLIN) | 1067 |
| 700 1# - PUNTO DE ACCESO ADICIONAL--NOMBRE DE PERSONA | |
| Nombre de persona | Villegas García , Carlos |
| Término indicativo de función/relación | tr. |
| 9 (RLIN) | 47034 |
| 700 1# - PUNTO DE ACCESO ADICIONAL--NOMBRE DE PERSONA | |
| Nombre de persona | Brannon, Gerard M. |
| 9 (RLIN) | 47035 |
| 730 1# - PUNTO DE ACCESO ADICIONAL--TÍTULO UNIFORME | |
| Título uniforme | New means of financing international needs |
| Lenguaje de la obra | español |
| 9 (RLIN) | 47036 |
No items available.
